00284nam a2200121Ia 4500008004100000041000900041082001800050100002000068245002200088260003600110300000800146650000800154230718s9999 xx 000 0 und d aEng. a343.02bBAN-G aBanerjee , A.K. 0aGuide to Drafting aPakistanbAshoka law bookc2003 a525 aLaw